000
00246nam a2200097Ia 4500
001
1229224
005
20250827093056.0
008
250824s9999 xx 000 0 und d
245
0
_a
YILANLARIN UYKUSU
_c
ALEIN KENTIGERNA
260
_b
PANAMA YAYINLARI
999
_c
1229224
_d
1229224